000 00601nam a2200181Ia 4500
008 151018s9999 xx 000 0 und d
082 _bRBASDV47598
_a891.433
100 _aसुकन पासवान प्रज्ञाचक्षु
245 _aअधुत
250 _b1
260 _bपंकज बुक्स
_c2007
300 _a167
600 _aसुकन पासवान प्रज्ञाचक्षु
630 _aअधुत
700 _aसुकन पासवान प्रज्ञाचक्षु
730 _aअधुत
942 _cBOOK
999 _c1046730
_d1046727